[Event "Oslo Vederhus Memorial op"]
[Site "Oslo"]
[Date "2013.09.29"]
[Round "9"]
[White "Hansen, Eric"]
[Black "Nijs, Nils"]
[Result "1-0"]
[WhiteElo "2584"]
[BlackElo "2298"]
[PlyCount "53"]
[EventDate "2013.09.29"]
[EventType "swiss"]
[EventRounds "9"]
[EventCountry "NOR"]
[SourceTitle "CBM 156 Extra"]
[Source "ChessBase"]
[SourceDate "2013.10.22"]
[SourceVersion "1"]
[SourceVersionDate "2013.10.22"]
[SourceQuality "1"]

1. e4 g6 2. d4 Bg7 3. Nc3 d6 4. f4 a6 5. Nf3 b5 6. Bd3 Nd7 7. e5 c5 8. Be4 Rb8 9. Be3 Nh6 10. dxc5 dxc5 11. Qd2 Bb7 12. Bxb7 Rxb7 13. 0-0-0 Qc8 14. h3 0-0 15. Ne4 Qc6 16. Qd5 Rc8 17. g4 c4 18. Qxc6 Rxc6 19. Ng3 Nf8 20. g5 Nf5 21. Nxf5 gxf5 22. Nd4 Rcc7 23. Nxf5 f6 24. gxf6 exf6 25. exf6 Bxf6 26. Rhg1+ Ng6 27. Nd6 1-0

[Event "Oslo Vederhus Memorial op"]
[Site "Oslo"]
[Date "2013.09.29"]
[Round "5"]
[White "Narciso Dublan, Marc"]
[Black "Nijs, Nils"]
[Result "1-0"]
[WhiteElo "2509"]
[BlackElo "2298"]
[PlyCount "75"]
[EventDate "2013.09.29"]
[EventType "swiss"]
[EventRounds "9"]
[EventCountry "NOR"]
[SourceTitle "CBM 156 Extra"]
[Source "ChessBase"]
[SourceDate "2013.10.22"]
[SourceVersion "1"]
[SourceVersionDate "2013.10.22"]
[SourceQuality "1"]

1. d4 g6 2. e4 Bg7 3. c4 d6 4. Nc3 e5 5. dxe5 dxe5 6. Qxd8+ Kxd8 7. f4 Nc6 8. Nf3 Be6 9. fxe5 Nxe5 10. Bg5+ f6 11. 0-0-0+ Ke7 12. Bh4 Nxf3 13. gxf3 c6 14. e5 g5 15. Rg1 h6 16. Ne4 f5 17. Nc5 Bxe5 18. Bg3 f4 19. Bf2 Bf5 20. Bd3 Kf6 21. Bxf5 Kxf5 22. Nxb7 Bxb2+ 23. Kxb2 Rb8 24. Kc3 Rxb7 25. Rd6 Rhh7 26. Rxc6 Rbc7 27. Ra6 Nf6 28. Rd1 Rhd7 29. Rxd7 Rxd7 30. Bd4 Rf7 31. Rxa7 Rxa7 32. Bxa7 g4 33. fxg4+ Nxg4 34. h3 Nf6 35. a4 Ke4 36. a5 f3 37. a6 Nd7 38. Bg1 1-0

[Event "Oslo Vederhus Memorial op"]
[Site "Oslo"]
[Date "2013.09.29"]
[Round "7"]
[White "Svane, Rasmus"]
[Black "Nijs, Nils"]
[Result "1/2-1/2"]
[WhiteElo "2445"]
[BlackElo "2298"]
[PlyCount "144"]
[EventDate "2013.09.29"]
[EventType "swiss"]
[EventRounds "9"]
[EventCountry "NOR"]
[SourceTitle "CBM 156 Extra"]
[Source "ChessBase"]
[SourceDate "2013.10.22"]
[SourceVersion "1"]
[SourceVersionDate "2013.10.22"]
[SourceQuality "1"]

1. d4 d5 2. c4 e6 3. Nc3 c6 4. e3 Bd6 5. Bd3 f5 6. Nge2 Nf6 7. f3 0-0 8. 0-0 b6 9. Qc2 a6 10. Bd2 Qc7 11. h3 c5 12. b3 Nc6 13. cxd5 Nb4 14. Qb1 cxd4 15. Nxd4 Nfxd5 16. Nxd5 Nxd5 17. Bc4 Qb7 18. a4 f4 19. Qe4 Nxe3 20. Qxb7 Bxb7 21. Bxe3 fxe3 22. Nxe6 b5 23. axb5 axb5 24. Bxb5 Rfb8 25. Bc4 Kh8 26. Rxa8 Rxa8 27. Rd1 Bg3 28. Rd8+ Rxd8 29. Nxd8 Bd5 30. Kf1 Bc7 31. Bxd5 Bxd8 32. Ke2 Bb6 33. f4 g6 34. Kf3 h5 35. g4 hxg4+ 36. hxg4 Bc5 37. Bc4 Kg7 38. Ke4 Kf6 39. Kd5 Bb4 40. Kd4 Bd2 41. Ke4 Kg7 42. Be2 Kf6 43. Kd5 Ba5 44. Kd4 Bd2 45. Kc4 Be1 46. Kd3 Bd2 47. Ke4 Ke6 48. Bd3 Kf6 49. Kf3 Kg7 50. f5 gxf5 51. Bxf5 Kf6 52. Bd3 Ke5 53. Be2 Kd5 54. Ba6 Ke5 55. Bc4 Kd4 56. Be2 Kd5 57. Bd1 Ke5 58. Kg3 Be1+ 59. Kh3 Ke4 60. Be2 Kf4 61. Bd3 Kg5 62. Be2 Kf4 63. Kh2 Bb4 64. Kg2 Bc3 65. Kf1 Bb4 66. Bd1 Bd2 67. Kg1 Bb4 68. Kg2 Bd2 69. Bf3 Bb4 70. Be2 Bd2 71. Kh3 Be1 72. Bd3 Kg5 1/2-1/2

[Event "Brasschaat op 12th"]
[Site "Brasschaat"]
[Date "2012.08.25"]
[Round "8"]
[White "Mainka, Romuald"]
[Black "Nijs, Nils"]
[Result "1/2-1/2"]
[WhiteElo "2467"]
[BlackElo "2275"]
[PlyCount "74"]
[EventDate "2012.08.18"]
[EventType "swiss"]
[EventRounds "9"]
[EventCountry "BEL"]
[SourceTitle "CBM 150 Extra"]
[Source "ChessBase"]
[SourceDate "2012.10.19"]
[SourceVersion "1"]
[SourceVersionDate "2012.10.19"]
[SourceQuality "1"]

1. e4 c5 2. Nc3 d6 3. Nf3 Nf6 4. d4 cxd4 5. Nxd4 g6 6. Be2 Bg7 7. 0-0 0-0 8. Be3 Nc6 9. Nb3 Be6 10. f4 a5 11. a4 Bxb3 12. cxb3 Nd7 13. Kh1 Rc8 14. Bg4 Rb8 15. e5 Nc5 16. Rf2 b6 17. Rd2 Nb4 18. Nb5 Qe8 19. Bxc5 bxc5 20. exd6 exd6 21. Nxd6 Qe3 22. g3 Nc6 23. Bf3 Nd4 24. Bd5 Rbd8 25. Nc4 Qe7 26. Bg2 Qc7 27. Ne3 Rb8 28. Rd3 Rfe8 29. Rc1 Qd6 30. Nd5 Re2 31. Ne3 Qe7 32. Rxd4 Bxd4 33. Qxe2 Rxb3 34. Qc4 Rxe3 35. b3 Re1+ 36. Rxe1 Qxe1+ 37. Qf1 Qxf1+ 1/2-1/2

[Event "Brasschaat op 12th"]
[Site "Brasschaat"]
[Date "2012.08.22"]
[Round "5"]
[White "Dardha, Arben"]
[Black "Nijs, Nils"]
[Result "1/2-1/2"]
[WhiteElo "2254"]
[BlackElo "2275"]
[PlyCount "67"]
[EventDate "2012.08.18"]
[EventType "swiss"]
[EventRounds "9"]
[EventCountry "BEL"]
[SourceTitle "CBM 150 Extra"]
[Source "ChessBase"]
[SourceDate "2012.10.19"]
[SourceVersion "1"]
[SourceVersionDate "2012.10.19"]
[SourceQuality "1"]

1. e4 d6 2. d4 Nf6 3. Nc3 c6 4. f4 Qa5 5. Bd3 e5 6. dxe5 dxe5 7. Nf3 Nbd7 8. Qe2 Be7 9. 0-0 Qc7 10. a4 b6 11. Bc4 0-0 12. Kh1 Bb7 13. fxe5 Nxe5 14. Nxe5 Qxe5 15. Rf5 Qc7 16. Bf4 Qc8 17. Bg5 b5 18. axb5 cxb5 19. Bxf6 Bxf6 20. Nxb5 Rd8 21. Raf1 a6 22. Nc3 Re8 23. e5 Qc7 24. Qg4 h5 25. Qxh5 Qxc4 26. exf6 Re5 27. Qh3 Rxf5 28. Qxf5 g6 29. Qf2 Rd8 30. Re1 Qg4 31. Qg3 Qf5 32. Qc7 Qf2 33. Qxd8+ Kh7 34. Rg1 1/2-1/2

[Event "Riga RTU op-A"]
[Site "Riga"]
[Date "2011.08.12"]
[Round "5"]
[White "Nijs, Nils"]
[Black "Starostits, Ilmars"]
[Result "1/2-1/2"]
[WhiteElo "2278"]
[BlackElo "2500"]
[PlyCount "107"]
[EventDate "2011.08.09"]
[EventType "swiss"]
[EventRounds "9"]
[EventCountry "LAT"]
[SourceTitle "EXT 2012"]
[Source "ChessBase"]
[SourceDate "2011.11.24"]
[SourceVersion "1"]
[SourceVersionDate "2011.11.24"]
[SourceQuality "1"]

1. d4 d5 2. c4 dxc4 3. e4 Nf6 4. e5 Nd5 5. Bxc4 Nc6 6. Nc3 Be6 7. Bb3 Nxc3 8. bxc3 Bd5 9. Nf3 e6 10. 0-0 Be7 11. Be3 0-0 12. Nd2 b5 13. a4 a6 14. Bc2 Na5 15. axb5 axb5 16. Qb1 Nc4 17. Bxh7+ Kh8 18. Bd3 Rxa1 19. Qxa1 c5 20. Nxc4 bxc4 21. Bc2 cxd4 22. Bxd4 Qa8 23. Qd1 g6 24. Qg4 Rb8 25. f3 Rb2 26. Be4 Re2 27. Bxd5 Qxd5 28. Rb1 Kg7 29. Kf1 Rd2 30. Qe4 Qa5 31. Re1 Rd3 32. Re3 Qa1+ 33. Kf2 Qb2+ 34. Re2 Qc1 35. Re1 Qa3 36. Re3 Qb2+ 37. Re2 Qb5 38. Re3 Qb1 39. Rxd3 cxd3 40. Ke3 Bg5+ 41. f4 Bxf4+ 42. Kxf4 Qc1+ 43. Be3 d2 44. Qf3 Qc2 45. Bxd2 Qxd2+ 46. Kg4 Kg8 47. h4 Qe1 48. Qg3 Qe4+ 49. Kh3 Kf8 50. Kh2 Ke8 51. Qg5 Qc4 52. Qg3 Qe4 53. Qg5 Qc4 54. Qg3 1/2-1/2

[Event "Vlissingen HZ op 14th"]
[Site "Vlissingen"]
[Date "2010.08.14"]
[Round "9"]
[White "Nijs, Nils"]
[Black "Van Overdam, Julian"]
[Result "1/2-1/2"]
[WhiteElo "2250"]
[BlackElo "2102"]
[PlyCount "115"]
[EventDate "2010.08.07"]
[EventType "swiss"]
[EventRounds "9"]
[EventCountry "NED"]
[SourceTitle "CBM 137 Extra"]
[Source "ChessBase"]
[SourceDate "2010.09.01"]
[SourceVersion "1"]
[SourceVersionDate "2010.09.01"]
[SourceQuality "1"]

1. d4 Nf6 2. c4 e5 3. dxe5 Ng4 4. Nf3 Bc5 5. e3 Nc6 6. Nc3 0-0 7. Be2 Ngxe5 8. Nxe5 Nxe5 9. 0-0 Re8 10. b3 a5 11. Na4 Bf8 12. f4 Ng6 13. Qd3 b6 14. Bf3 Rb8 15. Rd1 Be7 16. Nc3 Bf6 17. g3 d6 18. Bb2 Nf8 19. Re1 Ne6 20. Rad1 Nc5 21. Qc2 Bb7 22. Bxb7 Rxb7 23. e4 Qc8 24. Rd5 Qe6 25. Re2 Bxc3 26. Qxc3 f6 27. Qc2 c6 28. Rd4 Rbe7 29. f5 Qd7 30. Ba3 Qc7 31. Bxc5 dxc5 32. Rd1 Re5 33. Qd3 Qe7 34. Qd6 Rxe4 35. Qxe7 R4xe7 36. Rxe7 Rxe7 37. Rd8+ Kf7 38. Rb8 Re1+ 39. Kf2 Ra1 40. Rb7+ Kf8 41. a4 Ra2+ 42. Kf3 Rxh2 43. Rxb6 Rb2 44. Ke4 h5 45. Rxc6 Rxb3 46. Rxc5 Rxg3 47. Rxa5 h4 48. Ra8+ Ke7 49. Rh8 Kd6 50. Rxh4 Ra3 51. Kd4 Rxa4 52. Re4 Kd7 53. Rg4 Ra5 54. Rxg7+ Kd6 55. c5+ Rxc5 56. Rd7+ Kxd7 57. Kxc5 Kc7 58. Kd5 1/2-1/2

[Event "Vlissingen HZ op 14th"]
[Site "Vlissingen"]
[Date "2010.08.11"]
[Round "6"]
[White "Go, Benjamin"]
[Black "Nijs, Nils"]
[Result "1/2-1/2"]
[WhiteElo "2128"]
[BlackElo "2250"]
[PlyCount "100"]
[EventDate "2010.08.07"]
[EventType "swiss"]
[EventRounds "9"]
[EventCountry "NED"]
[SourceTitle "CBM 137 Extra"]
[Source "ChessBase"]
[SourceDate "2010.09.01"]
[SourceVersion "1"]
[SourceVersionDate "2010.09.01"]
[SourceQuality "1"]

1. e4 e6 2. Nf3 d5 3. e5 c5 4. b4 cxb4 5. a3 Nc6 6. axb4 Bxb4 7. c3 Be7 8. d4 Bd7 9. Bd3 f5 10. exf6 Nxf6 11. Ng5 Qc7 12. Bxh7 0-0-0 13. Qc2 Nxh7 14. Nxh7 Nxd4 15. Qd3 Nb3 16. Rxa7 Kb8 17. Be3 Qc4 18. Qxc4 dxc4 19. Ra2 e5 20. Ng5 Rh5 21. Ne4 Bc6 22. f3 Bxe4 23. fxe4 Rd3 24. Bf2 Rh8 25. 0-0 Rf8 26. Ra4 b5 27. Ra6 Rf6 28. Rxf6 Bxf6 29. Na3 Nd2 30. Ra1 Nxe4 31. Nxb5 Nxc3 32. Na3 e4 33. Re1 Ne2+ 34. Rxe2 Rxa3 35. Bg3+ Kb7 36. Rxe4 c3 37. Rc4 Kb6 38. Be1 Kb5 39. Rc8 Ra1 40. Kf2 Kb4 41. Ke2 Kb3 42. h4 Ra4 43. Kf3 Rc4 44. Rxc4 Kxc4 45. Bxc3 Kxc3 46. h5 Kd4 47. Kf4 Kd5 48. Kf5 Kd6 49. h6 Ke7 50. Kg6 gxh6 1/2-1/2

[Event "Vlissingen HZ op 14th"]
[Site "Vlissingen"]
[Date "2010.08.08"]
[Round "3"]
[White "Nijs, Nils"]
[Black "Oosterom, Erik"]
[Result "1-0"]
[WhiteElo "2250"]
[BlackElo "2109"]
[PlyCount "45"]
[EventDate "2010.08.07"]
[EventType "swiss"]
[EventRounds "9"]
[EventCountry "NED"]
[SourceTitle "CBM 137 Extra"]
[Source "ChessBase"]
[SourceDate "2010.09.01"]
[SourceVersion "1"]
[SourceVersionDate "2010.09.01"]
[SourceQuality "1"]

1. d4 d5 2. c4 c6 3. Nf3 Nf6 4. e3 Bf5 5. Nc3 e6 6. Nh4 Bg6 7. Be2 Nbd7 8. 0-0 Be7 9. g3 0-0 10. Nxg6 hxg6 11. b3 a6 12. Bb2 Rc8 13. Rc1 b5 14. c5 Qc7 15. f4 Ne4 16. Nxe4 dxe4 17. g4 g5 18. f5 Nf6 19. fxe6 fxe6 20. Qc2 Qd7 21. Rf2 Qd5 22. Rcf1 Nd7 23. Bc4 1-0

[Event "Maastricht Limburg op-A 4th"]
[Site "Maastricht"]
[Date "2010.05.24"]
[Round "6"]
[White "Haast, Anne"]
[Black "Nijs, Nils"]
[Result "1-0"]
[WhiteElo "2220"]
[BlackElo "2250"]
[PlyCount "121"]
[EventDate "2010.05.21"]
[EventType "swiss"]
[EventRounds "7"]
[EventCountry "NED"]
[SourceTitle "CBM 136 Extra"]
[Source "ChessBase"]
[SourceDate "2010.07.02"]
[SourceVersion "2"]
[SourceVersionDate "2010.07.15"]
[SourceQuality "1"]

1. e4 e6 2. d4 d5 3. Nc3 Nf6 4. Bg5 Bb4 5. e5 h6 6. Bd2 Bxc3 7. bxc3 Ne4 8. Bd3 Nxd2 9. Qxd2 c5 10. f4 Nc6 11. Nf3 c4 12. Be2 Bd7 13. 0-0 Qe7 14. a4 0-0-0 15. Qc1 Rdg8 16. Qb2 Kb8 17. Nd2 g5 18. Rfb1 Bc8 19. f5 exf5 20. Qb5 Qd7 21. Bf3 Rd8 22. g3 Ne7 23. Qb4 h5 24. a5 Rh6 25. Rb2 h4 26. Rab1 Rc6 27. Qa3 Qc7 28. Rb5 Rd7 29. Nf1 hxg3 30. hxg3 f6 31. Re1 a6 32. Rbb1 fxe5 33. Rxe5 Rcd6 34. Rbe1 g4 35. Bg2 f4 36. gxf4 Ng6 37. Rf5 Nh4 38. Rf8 Nf3+ 39. Bxf3 gxf3 40. Kf2 Rd8 41. Ree8 Rxe8 42. Rxe8 Rf6 43. Qe7 Qxe7 44. Rxe7 b6 45. axb6 Rxb6 46. Ne3 Bb7 47. f5 a5 48. Ng4 Bc8 49. f6 Bxg4 50. f7 Rf6 51. Re8+ Kc7 52. f8Q Rxf8 53. Rxf8 Kc6 54. Kg3 Bh5 55. Rf5 f2 56. Rxf2 Bd1 57. Kf4 a4 58. Ke5 a3 59. Rf1 Bxc2 60. Ra1 Be4 61. Rxa3 1-0

[Event "Maastricht Limburg op-A 4th"]
[Site "Maastricht"]
[Date "2010.05.22"]
[Round "3"]
[White "Nijs, Nils"]
[Black "Ocantos, Manuel"]
[Result "1-0"]
[WhiteElo "2250"]
[BlackElo "2125"]
[PlyCount "66"]
[EventDate "2010.05.21"]
[EventType "swiss"]
[EventRounds "7"]
[EventCountry "NED"]
[SourceTitle "CBM 136 Extra"]
[Source "ChessBase"]
[SourceDate "2010.07.02"]
[SourceVersion "2"]
[SourceVersionDate "2010.07.15"]
[SourceQuality "1"]

1. d4 Nf6 2. c4 g6 3. Nc3 Bg7 4. Nf3 d6 5. Bg5 0-0 6. e3 c5 7. d5 e6 8. Nd2 exd5 9. cxd5 h6 10. Bh4 Re8 11. Be2 Na6 12. 0-0 Nc7 13. e4 b6 14. f4 Ba6 15. Bxa6 Nxa6 16. Qf3 Qd7 17. e5 dxe5 18. fxe5 Nh7 19. d6 Bxe5 20. Nd5 f5 21. Nc4 Bd4+ 22. Bf2 b5 23. Bxd4 bxc4 24. Ne7+ Kf7 25. Nxf5 gxf5 26. Qh5+ Ke6 27. Bc3 Kd5 28. Qd1+ Ke6 29. Qe2+ Kd5 30. Qd1+ Ke6 31. Re1+ Kf7 32. Qh5+ Kg8 33. Qg6+ Kf8 1-0

[Event "Maastricht Limburg op-A 4th"]
[Site "Maastricht"]
[Date "2010.05.22"]
[Round "2"]
[White "Schut, Han"]
[Black "Nijs, Nils"]
[Result "0-1"]
[WhiteElo "2133"]
[BlackElo "2250"]
[PlyCount "40"]
[EventDate "2010.05.21"]
[EventType "swiss"]
[EventRounds "7"]
[EventCountry "NED"]
[SourceTitle "CBM 136 Extra"]
[Source "ChessBase"]
[SourceDate "2010.07.02"]
[SourceVersion "2"]
[SourceVersionDate "2010.07.15"]
[SourceQuality "1"]

1. e4 c5 2. Nf3 d6 3. d4 cxd4 4. Nxd4 Nf6 5. f3 Nc6 6. c4 g6 7. Be3 Bg7 8. Qd2 0-0 9. Nc3 Nd7 10. Nc2 a5 11. b3 Nc5 12. Rc1 f5 13. exf5 Bxf5 14. Nb5 Ne5 15. Bxc5 dxc5 16. Qe3 a4 17. Qxc5 axb3 18. axb3 Bxc2 19. Rxc2 Ra1+ 20. Kf2 Rxf1+ 0-1

[Event "Brasschaat 01st"]
[Site "Brasschaat"]
[Date "2009.08.22"]
[Round "8"]
[White "Wirig, Anthony"]
[Black "Nijs, Nils"]
[Result "1-0"]
[WhiteElo "2491"]
[BlackElo "2242"]
[PlyCount "71"]
[EventDate "2009.08.15"]
[EventType "tourn"]
[EventRounds "9"]
[EventCountry "BEL"]
[EventCategory "4"]
[SourceTitle "CBM 131 Extra"]
[Source "ChessBase"]
[SourceDate "2009.09.03"]
[SourceVersion "2"]
[SourceVersionDate "2009.09.16"]
[SourceQuality "1"]

1. c4 e5 2. Nc3 Nc6 3. g3 g6 4. Bg2 Bg7 5. d3 d6 6. Rb1 a5 7. a3 f5 8. e3 Nf6 9. Nge2 0-0 10. 0-0 Be6 11. Nd5 Ne8 12. b4 axb4 13. axb4 Qd7 14. b5 Nd8 15. Bd2 Qf7 16. Nb4 g5 17. f4 gxf4 18. gxf4 Nf6 19. Ng3 Qg6 20. Nd5 Nxd5 21. cxd5 Bd7 22. Nh5 Ra2 23. Nxg7 Qxg7 24. Rf3 Rf6 25. Rg3 Rg6 26. Rxg6 Qxg6 27. Kh1 Nf7 28. Qe2 Nh6 29. b6 cxb6 30. Rg1 Ng4 31. Bf3 Kf7 32. e4 exf4 33. exf5 Bxf5 34. Bxg4 Bxg4 35. Rxg4 Rxd2 36. Rxf4+ 1-0

[Event "Brasschaat 01st"]
[Site "Brasschaat"]
[Date "2009.08.18"]
[Round "4"]
[White "Nijs, Nils"]
[Black "Leenaerts, Robin"]
[Result "1/2-1/2"]
[WhiteElo "2242"]
[BlackElo "2248"]
[PlyCount "48"]
[EventDate "2009.08.15"]
[EventType "tourn"]
[EventRounds "9"]
[EventCountry "BEL"]
[EventCategory "4"]
[SourceTitle "CBM 131 Extra"]
[Source "ChessBase"]
[SourceDate "2009.09.03"]
[SourceVersion "2"]
[SourceVersionDate "2009.09.16"]
[SourceQuality "1"]

1. d4 Nf6 2. c4 e6 3. Nc3 d5 4. Nf3 c6 5. e3 Nbd7 6. Qc2 Be7 7. b3 a6 8. Bd3 b5 9. 0-0 Bb7 10. Bb2 0-0 11. c5 a5 12. a3 g6 13. Ne2 Qc7 14. Nf4 Rfe8 15. h4 Bf8 16. g3 Bg7 17. Kg2 Bc8 18. h5 Nf8 19. hxg6 hxg6 20. Ne5 Re7 21. Nh3 N6d7 22. f4 f5 23. g4 Bf6 24. Nxd7 Bxd7 1/2-1/2

[Event "Brasschaat 01st"]
[Site "Brasschaat"]
[Date "2009.08.17"]
[Round "3"]
[White "Soors, Stef"]
[Black "Nijs, Nils"]
[Result "1-0"]
[WhiteElo "2222"]
[BlackElo "2242"]
[PlyCount "81"]
[EventDate "2009.08.15"]
[EventType "tourn"]
[EventRounds "9"]
[EventCountry "BEL"]
[EventCategory "4"]
[SourceTitle "CBM 131 Extra"]
[Source "ChessBase"]
[SourceDate "2009.09.03"]
[SourceVersion "2"]
[SourceVersionDate "2009.09.16"]
[SourceQuality "1"]

1. d4 Nf6 2. c4 e6 3. Nf3 d5 4. g3 Be7 5. Bg2 0-0 6. 0-0 dxc4 7. Qc2 a6 8. Qxc4 b5 9. Qc2 Bb7 10. Bd2 Be4 11. Qc1 Bb7 12. a3 Qc8 13. b4 Nbd7 14. Ra2 Bd6 15. Bf4 Re8 16. Nbd2 e5 17. dxe5 Nxe5 18. Bxe5 Bxe5 19. Rc2 Bd6 20. Nd4 Bxg2 21. Kxg2 a5 22. N2f3 Qb7 23. Qg5 Be5 24. Nc6 h6 25. Qf5 g6 26. Qh3 axb4 27. axb4 Kg7 28. Rd1 Bd6 29. Kg1 Re4 30. Nfd4 Ra4 31. e3 Re8 32. Qf1 Bxb4 33. Nxb5 Rea8 34. Nd8 Qa6 35. Qc4 Rxd8 36. Rxd8 Ra1+ 37. Kg2 Be7 38. Rdd2 c5 39. f3 Rb1 40. Nd6 Qxc4 41. Nxc4 1-0

[Event "Brasschaat 01st"]
[Site "Brasschaat"]
[Date "2009.08.16"]
[Round "2"]
[White "Nijs, Nils"]
[Black "Laurent, Bruno"]
[Result "1/2-1/2"]
[WhiteElo "2242"]
[BlackElo "2339"]
[PlyCount "24"]
[EventDate "2009.08.15"]
[EventType "tourn"]
[EventRounds "9"]
[EventCountry "BEL"]
[EventCategory "4"]
[SourceTitle "CBM 131 Extra"]
[Source "ChessBase"]
[SourceDate "2009.09.03"]
[SourceVersion "2"]
[SourceVersionDate "2009.09.16"]
[SourceQuality "1"]

1. d4 Nf6 2. c4 g6 3. Nc3 Bg7 4. Nf3 d6 5. Bg5 c6 6. e3 h6 7. Bh4 0-0 8. Be2 a6 9. 0-0 Bg4 10. Nd2 Bxe2 11. Qxe2 Nbd7 12. b4 Re8 1/2-1/2

[Event "Pardubice Czech op-A"]
[Site "Pardubice"]
[Date "2009.07.24"]
[Round "1"]
[White "Nijs, Nils"]
[Black "Richter, Michael"]
[Result "0-1"]
[WhiteElo "2242"]
[BlackElo "2427"]
[PlyCount "120"]
[EventDate "2009.07.24"]
[EventType "swiss"]
[EventRounds "9"]
[EventCountry "CZE"]
[SourceTitle "CBM 131 Extra"]
[Source "ChessBase"]
[SourceDate "2009.09.03"]
[SourceVersion "2"]
[SourceVersionDate "2009.09.16"]
[SourceQuality "1"]

1. d4 d5 2. c4 e6 3. Nc3 c6 4. e3 Nd7 5. Nf3 f5 6. Bd3 Nh6 7. Qc2 Bd6 8. b3 0-0 9. a4 Qe7 10. 0-0 a5 11. Ne2 e5 12. dxe5 Nxe5 13. Ned4 Nxd3 14. Qxd3 Qe4 15. Qxe4 dxe4 16. Ne1 Ng4 17. Ba3 Bxh2+ 18. Kh1 Rf6 19. g3 Rh6 20. Kg2 g5 21. Be7 Rh5 22. Rh1 f4 23. exf4 gxf4 24. Bh4 c5 25. Ndf3 exf3+ 26. Nxf3 Bd7 27. Nxh2 Bc6+ 28. f3 Nxh2 29. Kxh2 Rf8 30. Rhf1 fxg3+ 31. Kxg3 Re5 32. Rab1 Re3 33. Bg5 Rexf3+ 34. Rxf3 Rxf3+ 35. Kg4 Kf7 36. Bd8 Kg6 37. Rd1 Rxb3 38. Rd6+ Kf7 39. Bxa5 Ra3 40. Bd8 Rxa4 41. Rf6+ Ke8 42. Bb6 Rb4 43. Rf8+ Kd7 44. Ba5 Rxc4+ 45. Kf5 Be4+ 46. Ke5 Kc6 47. Bd8 Kb5 48. Rf7 h5 49. Rf6 Bc6 50. Rh6 Rd4 51. Bg5 Bf3 52. Rf6 Rd5+ 53. Kf4 Bg4 54. Rf7 b6 55. Rf8 c4 56. Be7 c3 57. Ba3 Rf5+ 58. Rxf5+ Bxf5 59. Kxf5 Kc4 60. Ke4 b5 0-1

[Event "Le Touquet op-A"]
[Site "Le Touquet"]
[Date "2008.10.31"]
[Round "8"]
[White "Housieaux, David"]
[Black "Nijs, Nils"]
[Result "1-0"]
[WhiteElo "2425"]
[BlackElo "2228"]
[PlyCount "63"]
[EventDate "2008.10.25"]
[EventType "swiss"]
[EventRounds "9"]
[EventCountry "FRA"]
[SourceTitle "EXT 2009"]
[Source "ChessBase"]
[SourceDate "2008.11.26"]
[SourceVersion "1"]
[SourceVersionDate "2008.11.26"]
[SourceQuality "1"]

1. c4 c5 2. Nc3 Nc6 3. g3 g6 4. Bg2 Bg7 5. Nf3 e5 6. 0-0 Nge7 7. a3 0-0 8. Rb1 a5 9. Ne1 d6 10. Nc2 Be6 11. Ne3 f5 12. d3 Rb8 13. Ned5 h6 14. e3 g5 15. f4 gxf4 16. exf4 Nd4 17. Be3 Nec6 18. Kh1 Kh7 19. Qd2 Qd7 20. b4 axb4 21. axb4 cxb4 22. Nxb4 Nxb4 23. Rxb4 Nc6 24. Rb6 e4 25. dxe4 Bxc4 26. Rfb1 Qc7 27. exf5 Na5 28. f6 Bxf6 29. Ne4 Nb3 30. Nxf6+ Rxf6 31. Qc2+ Kg8 32. R6xb3 1-0

[Event "Le Touquet op-A"]
[Site "Le Touquet"]
[Date "2008.10.29"]
[Round "6"]
[White "Geirnaert, Steven"]
[Black "Nijs, Nils"]
[Result "1-0"]
[WhiteElo "2353"]
[BlackElo "2228"]
[PlyCount "83"]
[EventDate "2008.10.25"]
[EventType "swiss"]
[EventRounds "9"]
[EventCountry "FRA"]
[SourceTitle "EXT 2009"]
[Source "ChessBase"]
[SourceDate "2008.11.26"]
[SourceVersion "1"]
[SourceVersionDate "2008.11.26"]
[SourceQuality "1"]

1. d4 d5 2. c4 c6 3. Nf3 Nf6 4. Nc3 e6 5. e3 Nbd7 6. Qc2 Bd6 7. g4 Bb4 8. Bd2 b6 9. cxd5 Bxc3 10. Qxc3 cxd5 11. Qc6 Rb8 12. Bb4 Bb7 13. Qa4 a5 14. Bd6 Rc8 15. Ne5 Ne4 16. Bb5 Nxd6 17. Bxd7+ Ke7 18. Bxc8 Qxc8 19. 0-0 f6 20. Rac1 Qd8 21. Nc6+ Bxc6 22. Qxc6 Nc4 23. b3 Nd2 24. Qc7+ Qxc7 25. Rxc7+ Kd6 26. Rfc1 Nc4 27. Rxg7 Na3 28. Rcc7 e5 29. Rgd7+ Ke6 30. Rxh7 Rxh7 31. Rxh7 exd4 32. exd4 Nc2 33. Rb7 Nxd4 34. Rxb6+ Ke5 35. Ra6 Ne2+ 36. Kf1 Nc3 37. Rxa5 Ke4 38. h4 d4 39. Ra8 Nxa2 40. h5 Nb4 41. h6 Nc6 42. Ra3 1-0

[Event "Le Touquet op-A"]
[Site "Le Touquet"]
[Date "2008.10.27"]
[Round "3"]
[White "Nijs, Nils"]
[Black "Dobrev, Nanko"]
[Result "1/2-1/2"]
[WhiteElo "2228"]
[BlackElo "2408"]
[PlyCount "92"]
[EventDate "2008.10.25"]
[EventType "swiss"]
[EventRounds "9"]
[EventCountry "FRA"]
[SourceTitle "EXT 2009"]
[Source "ChessBase"]
[SourceDate "2008.11.26"]
[SourceVersion "1"]
[SourceVersionDate "2008.11.26"]
[SourceQuality "1"]

1. d4 d5 2. c4 e6 3. Nc3 Nf6 4. cxd5 exd5 5. Bg5 c6 6. Qc2 Na6 7. e3 Nb4 8. Qb1 a5 9. a3 Na6 10. Bd3 Be7 11. Nge2 Nc7 12. 0-0 Ne6 13. Bh4 Nh5 14. Bxe7 Qxe7 15. Na4 Qc7 16. b4 Nf6 17. Rc1 Ng4 18. Ng3 h5 19. Nf1 h4 20. h3 Nf6 21. b5 Bd7 22. bxc6 bxc6 23. Nc5 Rb8 24. Qc2 Nxc5 25. Qxc5 Rb3 26. Qc2 Qb6 27. Rab1 Rxb1 28. Rxb1 Qa7 29. Nd2 Ke7 30. Nb3 Rb8 31. Qc3 Ra8 32. Nc5 Bc8 33. f3 Kf8 34. Na4 Qe7 35. Qc5 Qxc5 36. Nxc5 Ke8 37. Rb6 Bd7 38. Ba6 Kd8 39. Bb7 Kc7 40. Rb2 Ra7 41. Na6+ Kd6 42. Nc5 Bf5 43. Bc8 g6 44. e4 Kc7 45. Na4 Ng8 46. e5 Ne7 1/2-1/2

[Event "EU-ch U16 18th"]
[Site "Herceg Novi"]
[Date "2008.09.24"]
[Round "9"]
[White "Nijs, Nils"]
[Black "Aggelis, Nikolaos"]
[Result "0-1"]
[WhiteElo "2150"]
[BlackElo "2271"]
[PlyCount "78"]
[EventDate "2008.09.15"]
[EventType "swiss"]
[EventRounds "9"]
[EventCountry "MNE"]
[SourceTitle "CBM 126 Extra"]
[Source "ChessBase"]
[SourceDate "2008.11.05"]
[SourceVersion "1"]
[SourceVersionDate "2008.11.05"]
[SourceQuality "1"]

1. Nf3 Nf6 2. c4 g6 3. Nc3 d5 4. Qa4+ Bd7 5. Qb3 dxc4 6. Qxc4 Nc6 7. g3 Bg7 8. Bg2 0-0 9. 0-0 e5 10. d3 Be6 11. Qh4 Qd7 12. Ng5 h5 13. Nxe6 Qxe6 14. Bg5 Nd4 15. Rac1 c6 16. Bh3 Qd6 17. Kg2 Nd5 18. Ne4 Qb4 19. e3 Ne6 20. Bxe6 fxe6 21. Nc5 Qxb2 22. Nxe6 Rf7 23. Qe4 Nf6 24. Qxg6 Ng4 25. Bf6 Raf8 26. d4 Qxa2 27. Ng5 Nxf6 28. Nxf7 Rxf7 29. dxe5 Ng4 30. Kg1 Rxf2 31. Qe8+ Kh7 32. Qxh5+ Bh6 33. Rxf2 Qxf2+ 34. Kh1 Qf3+ 35. Kg1 Qxe3+ 36. Kg2 Qd2+ 37. Kf3 Qf2+ 38. Ke4 Qe3+ 39. Kf5 Qxe5+ 0-1